Incensarios : [ensayos] : una compilación personal /
Distintos ensayos en el que se reflexiona sobre la llamada literatura “indígena”, sobre las problemáticas de la interculturalidad, sobre las expectativas que se les imponen a los escritores de las lenguas originarias, o sobre las dificultades de la traducción de sus textos. El autor ha publicado en...
Bewaard in:
| Hoofdauteur: | |
|---|---|
| Formaat: | Boek |
| Taal: | Spaans |
| Gepubliceerd in: |
México :
Pluralia,
2025, c2025
|
| Onderwerpen: | |
| Tags: |
Geen labels, Wees de eerste die dit record labelt!
|
MARC
| LEADER | 00000nam^a2200000^a^4500 | ||
|---|---|---|---|
| 001 | 000628715 | ||
| 005 | 20260304000000.0 | ||
| 009 | 20260407175328.93 | ||
| 020 | |a 978-607-7655-78-7 | ||
| 037 | |a Acervo ITESO - Biblioteca | ||
| 041 | |a ESP | ||
| 082 | |a 897. 4152 |b RUI | ||
| 100 | |a Ruiz, Mikel |e (autor) | ||
| 245 | 1 | 0 | |a Incensarios : |b [ensayos] : una compilación personal / |c M. Ruiz. |
| 264 | 4 | |a México : |b Pluralia, |c 2025, c2025 | |
| 300 | |a 125 p. | ||
| 336 | |a texto |b txt |2 rdacontenido | ||
| 337 | |a sin mediación |b n |2 rdamedio | ||
| 338 | |a volumen |b nc |2 rdasoporte | ||
| 520 | |a Distintos ensayos en el que se reflexiona sobre la llamada literatura “indígena”, sobre las problemáticas de la interculturalidad, sobre las expectativas que se les imponen a los escritores de las lenguas originarias, o sobre las dificultades de la traducción de sus textos. El autor ha publicado en lengua tsotsil y español, y parte de su comprensión de la producción literaria de autores en Chiapas. | ||
| 521 | |a FIL 2025 DIA | ||
| 649 | |a XX | ||
| 650 | |a Creación (Literaria, Artística, etc.) | ||
| 650 | |a Diversidad Cultural | ||
| 650 | |a Tzotzil | ||
| 650 | |a Lenguas Indígenas | ||
| 650 | |a Traducción e Interpretación | ||
| 650 | |a Literatura en Tzotzil - |x Historia y Crítica - |x Tema Principal | ||
| 650 | |a Literatura Indígena - |z México - |x Historia y Crítica - |x Tema Principal | ||
| 650 | |a Literatura Mexicana - |x Historia y Crítica | ||
| 910 | |a Fondo General | ||
| 920 | |a Impresos - Libros | ||
| 930 | |a Colección General | ||
| 940 | |a Literatura | ||
| 905 | |a 101 | ||
| 901 | |a 628779-10 |b IT1 |c LIT |i C193159 |u 20260304 | ||
| 902 | |a https://opac.biblio.iteso.mx/vufind/Record/000628715 | ||